Statistics for Most Capped Footballers for Portugal

Click here to take the quiz!

General Stats

  • This quiz has been taken 415 times
    (138 since last reset)
  • The average score is 14 of 26

Answer Stats

#CapsYearsAnswer% Correct
12002003-Cristiano Ronaldo
100%
31342007-Pepe
96%
41271991-2006Luis Figo
88%
51122006-2017Nani
79%
10892003-2016Ricardo Carvalho
79%
15802013-William Carvalho
79%
71072010-Rui Patricio
78%
9941993-2004Rui Costa
71%
21462005-João Moutinho
70%
15802003-2018Ricardo Quaresma
70%
13822015-Bernardo Silva
69%
21752003-2010Deco
64%
11881997-2006Pauleta
58%
18791996-2011Nuno Gomes
52%
8962007-2018Bruno Alves
45%
15801990-2002Vitor Baia
43%
24682015-Danilo Pereira
38%
22712003-2014Helder Postiga
34%
20762006-2014Raul Meireles
32%
18792001-2008Ricardo
32%
12851998-2010Simão Sabrosa
31%
24662002-2015Tiago Mendes
29%
61101990-2004Fernando Couto
25%
23701983-1996João Pinto
21%
14811991-2002João Vieira Pinto
21%
24661971-1984Nene
8%

Score Distribution

Percentile by Number Answered

Percent of People with Each Score

Your Score History

You have not taken this quiz since the last reset